00357nam a22001337a 4500003000400000005001700004008004100021040002700062100002700089245004800116250000800164260004300172300000800215OSt20240403152636.0240403b |||||||| |||| 00| 0 eng d cCentral Library MRSPTU aP.C. Wren and H.Martin aHigh School English Grammar and Composition a1st aNew DelhibS.Chand & Company Ltdc1994 a419